Đánh giá thực trạng và đề xuất giải pháp xây dựng nông thôn mới xã Phi Thông, thành phố Rạch Giá, tỉnh Kiên Giang : Luận văn thạc sĩ khoa học. Chuyên ngành Phát triển nông thôn

Đánh giá thực trạng và đề xuất giải pháp xây dựng nông thôn mới xã Phi Thông, thành phố Rạch Giá, tỉnh Kiên Giang; đề xuất chương trình xây dựng nông thôn mới hiệu quả và bền vững

Đã lưu trong:
Sonraí Bibleagrafaíochta
Príomhúdar: Nguyễn, Thành Nhân
Formáid: Leabhar
Teanga:Undetermined
Foilsithe: Cần Thơ Trường Đại học Cần Thơ 2016
Ábhair:
Clibeanna: Cuir Clib Leis
Gan Chlibeanna, Bí ar an gcéad duine leis an taifead seo a chlibeáil!
Thư viện lưu trữ: Trung tâm Học liệu Trường Đại học Cần Thơ
LEADER 01252nam a2200229Ia 4500
001 CTU_213510
008 210402s9999 xx 000 0 und d
082 |a 307.72 
082 |b Nh121 
088 |a 60620116 
100 |a Nguyễn, Thành Nhân 
245 0 |a Đánh giá thực trạng và đề xuất giải pháp xây dựng nông thôn mới xã Phi Thông, thành phố Rạch Giá, tỉnh Kiên Giang : 
245 0 |b Luận văn thạc sĩ khoa học. Chuyên ngành Phát triển nông thôn 
245 0 |c Nguyễn Thành Nhân ; Đỗ Minh Nhựt (Cán bộ hướng dẫn) 
260 |a Cần Thơ 
260 |b Trường Đại học Cần Thơ 
260 |c 2016 
520 |a Đánh giá thực trạng và đề xuất giải pháp xây dựng nông thôn mới xã Phi Thông, thành phố Rạch Giá, tỉnh Kiên Giang; đề xuất chương trình xây dựng nông thôn mới hiệu quả và bền vững 
650 |a Phát triển nông thôn,Rural development 
650 |x Khía cạnh xã hội,Sociological aspects 
904 |i Nguyên 
980 |a Trung tâm Học liệu Trường Đại học Cần Thơ